|
|
|
|
| LEADER |
01487nam a2200313 a 4500 |
| 001 |
17355376 |
| 008 |
120621s2012 enkb 000 0 eng d |
| 010 |
|
|
|a 2012024477
|
| 020 |
|
|
|a 9780230362062 (pbk.)
|
| 020 |
|
|
|a 9780230362055 (hbk.)
|
| 040 |
|
|
|a DLC
|c DLC
|d DLC
|d BD-DhAAL
|
| 082 |
0 |
0 |
|a 941
|2 23
|
| 100 |
1 |
|
|a Black, Jeremy,
|d 1955-
|
| 245 |
1 |
0 |
|a A history of the British Isles /
|c Jeremy Black.
|
| 250 |
|
|
|a 3rd ed.
|
| 260 |
|
|
|a Houndmills, Basingstoke, Hampshire ;
|a New York :
|b Palgrave Macmillan,
|c 2012.
|
| 300 |
|
|
|a xxix, 350 p. :
|b maps ;
|c 22 cm.
|
| 490 |
0 |
|
|a Palgrave essential histories
|
| 504 |
|
|
|a Includes bibliographical references (p. 338-342) and index.
|
| 541 |
|
|
|a 26901
|
| 651 |
|
0 |
|a Great Britain
|x History.
|
| 651 |
|
0 |
|a Ireland
|x History.
|
| 650 |
|
7 |
|a HISTORY / Historical Geography.
|2 bisacsh
|
| 650 |
|
7 |
|a SOCIAL SCIENCE / Anthropology / Cultural.
|2 bisacsh
|
| 650 |
|
7 |
|a HISTORY / Europe / Great Britain.
|2 bisacsh
|
| 852 |
1 |
|
|a Ayesha Abed Library
|c General shelf.
|
| 999 |
|
|
|c 13430
|d 13430
|
| 952 |
|
|
|0 0
|1 0
|2 ddc
|4 0
|6 941_000000000000000_BLA
|7 0
|9 22368
|a BRACUL
|b BRACUL
|c GEN
|d 2012-05-16
|e Trim education
|g 2105.00
|l 3
|m 3
|o 941 BLA
|p 3010026901
|r 2026-05-10
|s 2026-04-12
|t 1
|w 2012-05-16
|y BK
|x Transferred from BIL to BRACUL on 06/06/22
|
| 952 |
|
|
|0 0
|1 0
|2 ddc
|4 0
|6 941_000000000000000_BLA
|7 0
|9 22373
|a BRACUL
|b BRACUL
|c GEN
|d 2013-05-16
|e Trim Education
|g 2105.00
|l 3
|m 11
|o 941 BLA
|p 3010026902
|r 2026-03-05
|s 2026-03-05
|t 2
|w 2013-05-16
|y BK
|x Transferred from BIL to BRACUL on 06/06/22
|